00232nam a2200097Ia 45000010005000000080041000050820018000461000017000642450032000812600021001132151241024s9999 xx 000 0 und d aRD/900/SA237c aJochy Santos 0aEl Club de los Super Sabios bEd. Tele-3c2008